000 00384nam a22001457a 4500
999 _c7701
_d7701
003 GBCCL
005 20241126110634.0
008 180911b ||||| |||| 00| 0 eng d
040 _cgbc
082 _aSOU SIN
_b2011
245 _aSingngat special:
_bcome home to Singngat/
_ceditor, Siampu Thomte
260 _aSingngat:
_bEditorial team,
_c2011
300 _a150p. ;
942 _2ddc
_cARCH